Ako zachraňovať podniky

Dobrá legislatíva a úspešné podnikanie. Stanovenie pravidiel pre odchod z trhu. Zákon o konkurze a vyrovnaní a ochrana záujmu veriteľov. Povinnosti dlžníka a štatutárov dlžníka. Reforma záložného práva. Nová koncepcia reštrukturalizácie - väčšie uspokojenie požiadaviek veriteľov.

Salvato in:
Dettagli Bibliografici
Autore principale: Hladký, Boris
Natura: Capitolo di libro
Lingua:slovacco
Soggetti:
Tags: Aggiungi Tag
Nessun Tag, puoi essere il primo ad aggiungerne!!

MARC

LEADER 00000naa$a2200000$$$4500
001 0024295
005 20231009070232.9
041 0 |a slo 
044 |a SK 
245 1 0 |a Ako zachraňovať podniky  |c Boris Hladký 
520 |a Dobrá legislatíva a úspešné podnikanie. Stanovenie pravidiel pre odchod z trhu. Zákon o konkurze a vyrovnaní a ochrana záujmu veriteľov. Povinnosti dlžníka a štatutárov dlžníka. Reforma záložného práva. Nová koncepcia reštrukturalizácie - väčšie uspokojenie požiadaviek veriteľov. 
610 2 0 |a podnikanie 
610 2 0 |a podnikatelia 
610 2 0 |a legislatíva 
610 2 0 |a orgány štatutárne 
610 2 0 |a spoločníci 
610 2 0 |a zodpovednosť 
610 2 0 |a veritelia 
610 2 0 |a konkurzy 
610 2 0 |a reštrukturalizácia 
100 1 |a Hladký, Boris